00850 2200301 4500001002100000005001500021035002500036008004100061020002200102040001200124082001200136084001400148100002600162245007000188250001100258260003600269300004200305500003100347650001500378850001200393007000300405090001800408090002200426504003400448999002200482990002200504990002200526INLIS00000000000803520200522105757 a0010-071500000000718150714s2014 yoia g ind d a978-602-262-142-3 aYOPDYOG04222a510 a510 ARI a0 aAriyadi Wijayad1982-00aAsyiknya belajar matematika untuk siswa SMA/SMK /cAriyadi Wijaya aCet. 13 aYogyakarta :bGraha Ilmu,c2014 aix, 102 halaman :bilustrasi ;c26 cm aBibliografi : hlm. 101-102 4aMatematika aYOPDYOGta aDEP 510 ARI a aCB-D.11 2014-1267 aBibliografi : halaman 101-102 aCB-D.11/2014-1267 aCB-D.11/2014-1267 aCB-D.11/2014-1267